000 00550nam a22001817a 4500
005 20241003054800.0
008 241003b |||||||| |||| 00| 0 eng d
020 _a9781776175963
041 _aEnglish
082 _a346.5 DUT
100 _lEnglish
245 _aFundamentals of SA Trust Law /
_cF du Toit, BS Smith and A van der Linde
250 _a2nd Edition
260 _aDurban:
_bLexisNexis (Pty) Ltd,
_c2023
300 _bxiii, 304 pages;
_c25 cm.
650 _aLegal practice
_bLaw
942 _cBK
_6ALISON_BN_VRIES
999 _c3202
_d3202